Evolution and speciation in fungi and eukaryotic biodiversity / (Record no. 752192)
[ view plain ]
| 000 -LEADER | |
|---|---|
| fixed length control field | 00364nam a22001217a 4500 |
| 020 ## - INTERNATIONAL STANDARD BOOK NUMBER | |
| ISBN | 9781032421414 |
| 082 ## - DEWEY DECIMAL CLASSIFICATION NUMBER | |
| Classification number | 589.20438 PAN.E |
| 100 ## - MAIN ENTRY--AUTHOR NAME | |
| Personal name | T.J. Pandian |
| 245 ## - TITLE STATEMENT | |
| Title | Evolution and speciation in fungi and eukaryotic biodiversity / |
| 260 ## - PUBLICATION, DISTRIBUTION, ETC. (IMPRINT) | |
| Place of publication | Boca Raton : |
| Name of publisher | CRC Press - Taylor and Francis group , |
| Year of publication | c2024. |
| 942 ## - ADDED ENTRY ELEMENTS (KOHA) | |
| Source of classification or shelving scheme | Dewey Decimal Classification |
| Koha item type | Book |
| Withdrawn status | Lost status | Source of classification or shelving scheme | Damaged status | Not for loan | Home Library | Current Location | Shelving location | Date acquired | Source of acquisition | Full call number | Accession Number | Price effective from | Koha item type |
|---|---|---|---|---|---|---|---|---|---|---|---|---|---|
| Dewey Decimal Classification | Dept. of Botany | Dept. of Botany | Reference | 10/10/2025 | Modern Book Center | 589.20438 PAN.E | BOT10927 | 10/10/2025 | Reference |
